| 000 | 00827nac a22002657a 4500 | ||
|---|---|---|---|
| 001 | BR6003633 | ||
| 003 | BR-BrBNA | ||
| 005 | 20240105113055.0 | ||
| 008 | 230509b bl.|||m| |||| 00| 0 por d | ||
| 040 |
_aBR-BrBNA _bpor _cBiblioteca Nacional de Agricultura |
||
| 072 | _aF00 | ||
| 090 | _a0600 BR6003633 | ||
| 100 | 1 | _aCesar, H.P. | |
| 245 | 1 | _aManual pratico do enxertador e criador de mudas de arvores frutiferas e dos arbustos ornamentais | |
| 260 | 3 |
_aSao Paulo, SP (Brasil): _bMelhoramentos, _c[nd]. |
|
| 300 | _a156 p. | ||
| 490 |
_aBiblioteca Criacao e Lavoura (Brazil) _vno. 6 _x |
||
| 500 | _aPublished after 1940; 63 illus. | ||
| 650 | _aFRUTICULTURA | ||
| 650 | _aENXERTO | ||
| 650 | _aARVORE ORNAMENTAL | ||
| 650 | _aMUDA | ||
| 909 |
_a202312 _bLúcia Elande _c55 _dLúcia Elande |
||
| 942 |
_2AGRIS _n0 _cMS |
||
| 999 |
_c261745 _d261745 |
||